Justicia y seguridad: su relevancia para la protección internacional de los refugiados /
保存先:
| 第一著者: | |
|---|---|
| フォーマット: | テキスト |
| 主題: | |
| タグ: |
タグ追加
タグなし, このレコードへの初めてのタグを付けませんか!
|
MARC
| LEADER | 00000 a a2200000 04500 | ||
|---|---|---|---|
| 001 | 16381 | ||
| 003 | |||
| 040 | |||
| 100 | |a Murillo González, Juan Carlos | ||
| 245 | |a Justicia y seguridad: |b su relevancia para la protección internacional de los refugiados / |c Juan Carlos Murillo González | ||
| 650 | |a REFUGIADOS | ||
| 650 | |a SEGURIDAD | ||
| 650 | |a PROTECCION LEGAL | ||
| 650 | |a LEGISLACION | ||
| 650 | |a RESPONSABILIDAD DE LOS ESTADOS | ||
| 773 | |g número 38; páginas 447-461 | ||
| 999 | |c 32211 |d 32211 | ||
